Konsorcia ve výběrových řízeních z hlediska soutěžního práva

Dopad konzorcií na hospodársku súťaž. Prístup ku konzorciám v súťažnej praxi. Prax v Českej republike.

Gespeichert in:
Bibliographische Detailangaben
1. Verfasser: Petr, Michal
Format: Buchkapitel
Sprache:Tschechisch
Schlagworte:
Tags: Tag hinzufügen
Keine Tags, Fügen Sie das erste Tag hinzu!

MARC

LEADER 00000naa a2200000 4500
001 0238684
005 20220805073344.0
041 0 |a cze 
044 |a CZ 
245 1 0 |a Konsorcia ve výběrových řízeních z hlediska soutěžního práva  |c Michal Petr 
520 |a Dopad konzorcií na hospodársku súťaž. Prístup ku konzorciám v súťažnej praxi. Prax v Českej republike. 
610 2 0 |a súťaž hospodárska 
610 2 0 |a právo súťažné 
610 2 0 |a Česko 
610 2 0 |a zákony 
610 2 0 |a konzorciá 
100 1 |a Petr, Michal